<?xml version="1.0" encoding="UTF-8"?>
<record
    xmlns:xsi="http://www.w3.org/2001/XMLSchema-instance"
    xsi:schemaLocation="http://www.loc.gov/MARC21/slim http://www.loc.gov/standards/marcxml/schema/MARC21slim.xsd"
    xmlns="http://www.loc.gov/MARC21/slim">

  <leader>01267nam a2200205Ia 4500</leader>
  <controlfield tag="001">c174-42890 </controlfield>
  <controlfield tag="003">IT-MiCISF</controlfield>
  <controlfield tag="008">161014s9999||||xx |||||||||||||| ||und||</controlfield>
  <datafield tag="040" ind1=" " ind2=" ">
    <subfield code="a">IT-MiCISF</subfield>
    <subfield code="c">IT-MiCISF</subfield>
  </datafield>
  <datafield tag="041" ind1=" " ind2=" ">
    <subfield code="a">it</subfield>
  </datafield>
  <datafield tag="100" ind1=" " ind2=" ">
    <subfield code="a">Smith Caroline</subfield>
  </datafield>
  <datafield tag="245" ind1=" " ind2="0">
    <subfield code="a">Storie sociali per l'autismo</subfield>
    <subfield code="b">Sviluppare le competenze interpersonali e le abilit&#xE0; sociali</subfield>
  </datafield>
  <datafield tag="250" ind1=" " ind2=" ">
    <subfield code="a">1a ed.</subfield>
  </datafield>
  <datafield tag="260" ind1=" " ind2=" ">
    <subfield code="a"> Gardolo (TN)</subfield>
    <subfield code="b">Erickson</subfield>
    <subfield code="c">2006 [Edizione originale: 2003]</subfield>
  </datafield>
  <datafield tag="300" ind1=" " ind2=" ">
    <subfield code="a">pp. 98</subfield>
  </datafield>
  <datafield tag="500" ind1=" " ind2=" ">
    <subfield code="a"> / disturbi-sviluppo, educazione, scuola, famiglia, progetto / Questo libro, nato dalla pluriennale esperienza nel campo dell'A., &#xE8; una guida pratica che spiega nel dettaglio come inventare nuove storie sociali da sottoporre a bambini e adolescenti con autismo. Riporta alcuni esempi di storie che sono state utilizzate con successo, oltre che schede dalle quali partire per crearne di nuove. Ogni storia prende spunto da situazioni di vita reale, e spiega come ci si deve comportare in situazioni simili. L'ultima parte del volume fornisce inoltre indicazioni e materiali necessari a chi volesse attuare dei corsi di formazione all'uso delle storie sociali.</subfield>
  </datafield>
  <datafield tag="650" ind1=" " ind2=" ">
    <subfield code="a"> Genitorialit&#xE0; e problemi educativi / handicap</subfield>
    <subfield code="e">004</subfield>
  </datafield>
  <datafield tag="942" ind1=" " ind2=" ">
    <subfield code="c">BK</subfield>
  </datafield>
  <datafield tag="957" ind1=" " ind2=" ">
    <subfield code="7">1</subfield>
  </datafield>
  <datafield tag="999" ind1=" " ind2=" ">
    <subfield code="a">42890</subfield>
    <subfield code="b">si</subfield>
    <subfield code="g">1</subfield>
    <subfield code="c">209509</subfield>
    <subfield code="d">209509</subfield>
  </datafield>
  <datafield tag="952" ind1=" " ind2=" ">
    <subfield code="0">0</subfield>
    <subfield code="1">0</subfield>
    <subfield code="4">0</subfield>
    <subfield code="6">C_17442890</subfield>
    <subfield code="7">1</subfield>
    <subfield code="a">CISF</subfield>
    <subfield code="b">CISF</subfield>
    <subfield code="d">2016-10-14</subfield>
    <subfield code="l">0</subfield>
    <subfield code="o">c174-42890 </subfield>
    <subfield code="r">2016-10-14 00:00:00</subfield>
    <subfield code="w">2016-10-14</subfield>
    <subfield code="y">BK</subfield>
    <subfield code="z">Data import 15.10.2016 / by Epidotti, Vaglietti</subfield>
  </datafield>
</record>
